Control of animal product and animal movement in benteay meanchey province; ការត្រួតពិនិត្យចលនា និងផលិតផលសត្វ នៅខេត្តបន្ទាយមានជ័យ (Record no. 6866)
[ view plain ]
| 000 -LEADER | |
|---|---|
| fixed length control field | 00624nam a22001577a 4500 |
| 003 - CONTROL NUMBER IDENTIFIER | |
| control field | OSt |
| 005 - DATE AND TIME OF LATEST TRANSACTION | |
| control field | 20160217142533.0 |
| 008 - FIXED-LENGTH DATA ELEMENTS--GENERAL INFORMATION | |
| fixed length control field | 160217b xxu||||| |||| 00| 0 eng d |
| 040 ## - CATALOGING SOURCE | |
| Transcribing agency | RUA |
| 082 ## - DEWEY DECIMAL CLASSIFICATION NUMBER | |
| Classification number | MGR VENU 2012 B421 Or.1 |
| 100 ## - MAIN ENTRY--PERSONAL NAME | |
| 9 (RLIN) | 7297 |
| Personal name | VEU THANGRAK; វឺ ថនរ័ក្ស |
| 245 ## - TITLE STATEMENT | |
| Title | Control of animal product and animal movement in benteay meanchey province; ការត្រួតពិនិត្យចលនា និងផលិតផលសត្វ នៅខេត្តបន្ទាយមានជ័យ |
| 260 ## - PUBLICATION, DISTRIBUTION, ETC. (IMPRINT) | |
| Place of publication, distribution, etc. | Phnom Penh |
| Name of publisher, distributor, etc. | RUA |
| Date of publication, distribution, etc. | 2012 |
| 300 ## - PHYSICAL DESCRIPTION | |
| Extent | ix;42p. |
| Other physical details | ill. |
| Dimensions | 29cm. |
| 942 ## - ADDED ENTRY ELEMENTS (KOHA) | |
| Source of classification or shelving scheme | |
| Koha item type | MGR |
No items available.